Govt. of
Madhya Pradesh

Military History Of India (Record no. 68998)

MARC details
000 -LEADER
fixed length control field 00265nam a22001097a 4500
082 ## - DEWEY DECIMAL CLASSIFICATION NUMBER
Classification number 355/SAR
100 ## - MAIN ENTRY--AUTHOR NAME
Personal name Sarkar, Sir Jadunath
245 ## - TITLE STATEMENT
Title Military History Of India
260 ## - PUBLICATION, DISTRIBUTION, ETC. (IMPRINT)
Place of publication New Delhi
Name of publisher Asha Prakashan
Year of publication 2021
650 ## - SUBJECT ADDED ENTRY--TOPICAL TERM
Topical Term Military Science
942 ## - ADDED ENTRY ELEMENTS (KOHA)
Koha item type Books
Holdings
Withdrawn status Lost status Damaged status Not for loan Home library Current library Date acquired Cost, normal purchase price Full call number Accession Number Price effective from Koha item type
        MACL MACL 09/04/2026 995.00 355/SAR CRE040464 09/04/2026 Books